| 000 | 01449nam a2200253Ia 4500 | ||
|---|---|---|---|
| 999 |
_c34826 _d34826 |
||
| 001 | 637 | ||
| 003 | GE_BSU | ||
| 005 | 20230529162337.0 | ||
| 008 | 181216s2010ge xx |||||||||||||| ||geo|| | ||
| 020 | _a97899411284794 | ||
| 040 | _cGE_BSU | ||
| 041 | _ageo | ||
| 080 | _a902/904 ლ-75 | ||
| 100 |
_aლიჩელი, ვახტანგ _918277 |
||
| 245 |
_aარქეოლოგიური საველე კვლევის მეთოდოლოგია : _bსაველე და ლაბორატორიული პროცედურები(სალექციო კურსის ანოტაცია) / _cვახტანგ ლიჩელი ; [რედ. გ. გრიგოლია] |
||
| 264 |
_aთბილისი : _bუნივერსალი, _c2010. |
||
| 300 |
_a100 გვ. : _bილ. ; _c 20 სმ. |
||
| 501 | _aდამატებები: გვ. 14-36. დანართი: გვ. 37-100. | ||
| 653 | _aარქეოლოგია | ||
| 653 | _aსაველე არქეოლოგიური გამოკვლევები საქართველოში. | ||
| 700 |
_aგრიგოლია, გ _eრედაქტორი _91558 |
||
| 710 |
_aივანე ჯავახიშვილის სახ. თბილისის სახელმწიფო უნივერსიტეტი _918278 |
||
| 942 |
_cBK _2udc |
||